000 00560cam a2200205 4500
001 B292
008 090401t1986 xxu||||| |||| 00| 0 eng d
035 _a(Sirsi) u34836
041 _aeng
050 _a526.9
110 _aFederation International Des Geometres
245 _aXVIII International Congress of Surveyors June 1 to 11, 1986, Toronto, Canada: national reports
260 _aOttawa
_bFIG
_c1986
300 _a211p. ; 21cm.
350 _a0
650 _aFIG CONGRESS TORONTO 1986
650 _aSURVEYORS
942 _n0
948 _c04/03/1997
999 _c90001
_d90001